| 000 | 00965nam a2200157Ia 4500 | ||
|---|---|---|---|
| 008 | 220104s9999 xx 000 0 und d | ||
| 100 | _aAnderson D M W | ||
| 245 | 0 | _aCarbohydrates of the seeds of the rubber tree, Hevea brasiliensis | |
| 520 | _aThe carbohydrate materials present in the endosperm, cotyledons, and shell of the seeds of the rubber tree have been examined by means of a graded extraction procedure, and the results of chromatographic and other analyses of the fractions so obtained are reported. The endosperm, cotyledons, and shells all contain a mixture of polysaccharides which gave on hydrolysis galactose, glucose, arabinose, xylose, rhamnose, and uronic acid untis. The cold-water extract of the endosperm has been studied in detail and an araban-rich fraction isolated. | ||
| 650 | _aCarbohydrate content | ||
| 650 | _aHevea brasiliensis | ||
| 650 | _aRubber seed | ||
| 700 | _aGreenwood G T | ||
| 700 | _aRobertson J S M | ||
| 942 | _cBE | ||
| 999 |
_c47655 _d47655 |
||